000 00305nam a22001337a 4500
008 170802b xxu||||| |||| 00| 0 eng d
020 _a9780201539929
041 _aeng
080 _22ND
_a004
100 _a32
101 _aSHK
245 _aTHE C++ PROGRAMMING LANGUAGE
_cSTROUSTRUP,B
942 _2udc
_cBK
999 _c22487
_d22487